000 00372nam a22001451a 4500
082 _aM3
_bVIL/A
100 _aVilasini
_969018
245 _aAvakasikal (v.4)/
_cby Vilasini.
260 _aThrissur:
_bSulabha Books,
_c1994.
300 _a3159-4012p.
650 _aNovel Malayalam
_969019
650 _aLiterature Malayalam
_969020
650 _aLiterature
_969021
942 _cBK
999 _c3695
_d3695